1510 1809 1312 1590 1124 1342 1994 1088 1619 1897 1471 1942 1733 1891 1552 1735 1748 1867 1903 1336 1846 1437 1837 1584 1832 1652 1226 1751 1154 1632 1250 1769 1911 1057 1091 1842 1071 1777 1804 1365 1841 1938 1611 1026 1330 1472 1025 1578 1876 1750 1028 1904 1870 1009 1040 1309 1391 1949 1936 1768 1633 1846 1481 1594 1058 1324 1934 1188 1909 1477 1572 1831 1033 1966 1754 1235 1974 1045 1505 1811 1982 1651 1362 1719 1036 1219 1983 1572 1829 1987 1272 1970 1303 1699 1654 1371 1644 1551 1862 BCNSPRNW ULIB Ver.6.0+V

เปลี่ยนเป็นภาษาไทย

Change to English
 แสดงรายละเอียดบรรณานุกรม
  กลับหน้าหลัก

Brief Record : Get Marc (ISO 2709) : E-mail record : QR code < ปิดหน้าต่าง
LEADER : 00000nam 2200000uu 4500
001    13399123444
003     ULIB
008    020711s2556 th a 000 0 tha d
020    9786163355379
060  4 WG140^bว711ก
100    วิโรจน์ ไววานนิชกิจ
245    การตรวจวินิจฉัยและจัดการผลการตรวจคลื่นไฟฟ้าหัวใจเบื้องต้น สำหรับพยาบาล แพทย์ และบุคลากรณ์ทางการแพทย์/^cวิโรจน์ ไววานนิชกิจ
250    พิมพ์ครั้งที่ 1
260    กรุงเทพฯ :^bโรงพิมพ์แห่งจุฬาลงกรณ์มหาวิทยาลัย,^c2556
300    108 หน้า;^b21 ซม.
650    คลื่นไฟฟ้าหัวใจ
650    กล้ามเนื้อหัวใจขาดเลือด^xการแปลผล
650    กล้ามเนื้อหัวใจตาย^xการแปลผล
650    หัวใจเต้นผิดจังหวะ^xการแปลผล
650    หัวใจโต^xการแปลผล
945    ^p340^l0^i20653
945    ^p340^l0^i20654
945    ^p340^l0^i20655
999    ^aทศพร เกษรทอง
รายการนี้ยังไม่มีแท็ก
คุณยังไม่ได้ล็อกอิน คุณสามารถมีกิจกรรมร่วมกับเว็บไซต์ได้ แต่ต้องล็อกอินก่อน ::
  ล็อกอิน

รายการสื่อสารสนเทศ

ลำดับที่ ประเภท เลขเรียก/บาร์โค้ด สถานที่ สถานะ
1. วิทยาศาสตร์การแพทย์ และสุขภาพ
หนังสือสำรอง
สถานะ=หนังสือสำรอง
WG140 ว711ก ฉ.1 
  Barcode: 20653
ห้องสมุดวิทยาเขตนครสวรรค์
►หนังสือทั่วไป:l:General Books
บนชั้น
2. วิทยาศาสตร์การแพทย์ และสุขภาพ
วิทยาศาสตร์การแพทย์ และสุขภาพ
WG140 ว711ก ฉ.2 
  Barcode: 20654
ห้องสมุดวิทยาเขตนครสวรรค์
►หนังสือทั่วไป:l:General Books
บนชั้น
3. วิทยาศาสตร์การแพทย์ และสุขภาพ
วิทยาศาสตร์การแพทย์ และสุขภาพ
WG140 ว711ก ฉ.3 
  Barcode: 20655
ห้องสมุดวิทยาเขตนครสวรรค์
►หนังสือทั่วไป:l:General Books
บนชั้น

รายการใกล้เคียง
    ผู้แต่ง [วิโรจน์ ไววานนิชกิจ]

    หัวเรื่อง [คลื่นไฟฟ้าหัวใจ]

BibComment


ยังไม่เคยถูกคอมเมนท์

คอมเมนท์ทรัพยากรรายการนี้
  คอมเมนท์: การตรวจวินิจฉัยแล..


 Copyright 2026. Bcnsprnw @Library